000 00876nam a22002777a 4500
003 DO-SdBNP
005 20240530073927.0
007 ta
008 220623b2019 dr ||||| |||| 00| 0 spa d
020 _a9789945614664
040 _aDO-SdBNP
_bspa
_cBNPHU
082 4 _aRD863.5
_bP762c
_222
100 1 _aPol, Jacqueline,
_d1968-
_981908
245 1 0 _aCicatrices de Sofía :
_bnovela /
_cJacqueline Pol
260 _aSanto Domingo :
_bSantuario,
_c2019
300 _a65 páginas ;
_c22 cm.
336 _2rdaconten
_atexto
_btxt
337 _2rdamedia
_asin medición
_bn
338 _2rdacarrier
_avolumen
_bnc
500 _aIncluye datos biográficos de la autora en las solapas de las cubiertas
590 _aInventariado, 2023 / MF
650 0 _aNovela dominicana
_9223
650 4 _aLiteratura dominicana
910 _aValidado. Control de calidad MFF
942 _2ddc
_cLBS1
999 _c52099
_d52099